| 000 | 01246nam0a22002651 4500 | ||
|---|---|---|---|
| 001 | rc\671032 | ||
| 005 | 20250621204455.0 | ||
| 035 | _a(NLR Aleph) 005909516 | ||
| 090 |
_a6361790 _c6361790 |
||
| 100 | _a20031121d1986 |||y0rusy50 ca | ||
| 101 | 0 | _arus | |
| 102 | _aRU | ||
| 105 | _ay ||||||||| | ||
| 200 | 1 |
_aПСИХОЛОГИЧЕСКИЕ проблемы семейного воспитания ребенка на различных этапах его развития. Новорожденный _eРекомендации для учителей веч. шк. к проведению факультатив. занятий _fАПН СССР, НИИ общ. образования взрослых _g[Сост. к. психол. н. В.Н. Козиевым] |
|
| 210 |
_aЛ. _cАПН СССР _d1986 |
||
| 215 |
_a50 с. _d20 |
||
| 320 | _aБиблиогр. в конце занятий | ||
| 702 | 1 |
_4220 _aКозиев _bВ. Н. _f1949- _gВалерий Николаевич _9183307 _3RU\NLR\AUTH\770183358 |
|
| 712 | 0 | 2 |
_aНИИ общего образования взрослых _cЛенинград |
| 801 | 0 |
_aRU _bNLR _gpsbo |
|
| 801 | 1 |
_aRU _bELAR _2rusmarc |
|
| 852 |
_aNLR _j87-4/16110 |
||
| 942 | _cBOOK | ||
| 980 | _aNB | ||